| 000 | 00470nam a2200169Ia 4500 | ||
|---|---|---|---|
| 003 | GCL | ||
| 008 | 140319s9999 xx 000 0 eng d | ||
| 040 |
_aGCL / _cGCL |
||
| 082 | 0 | 4 |
_aREF _b011.31 _bA H |
| 100 | 1 | _aARBERRY, A. J. | |
| 245 | 1 | 0 |
_aA HANDLIST OF THE ARABIC MANUSCRIPTS / _cARBERRY, A. J. |
| 260 |
_a[S.N] : _bHODGES, FIGGIS AND CO.,LTD ، _c1963 |
||
| 650 | 0 | 4 | _aMANUSCRIPTS |
| 650 | 0 | 4 | _aBIBLIOGRAPHIES |
| 650 | 0 | 4 | _aMANUSCRIPTS, ARABIC |
| 942 |
_2ddc _cBK |
||
| 999 |
_c15552 _d15552 |
||